| 000 | 01228nam a2200313Ia 4500 | ||
|---|---|---|---|
| 001 | ebr10194143 | ||
| 003 | CaPaEBR | ||
| 006 | m u | ||
| 007 | cr cn||||||||| | ||
| 008 | 061207s2007 nyu sb 001 0 eng d | ||
| 010 | _z 2006047974 | ||
| 020 | _z1403976236 | ||
| 020 | _z9781403976239 | ||
| 040 |
_aCaPaEBR _cCaPaEBR |
||
| 035 | _a(OCoLC)560444201 | ||
| 050 | 1 | 4 |
_aBX1795.H85 _bM33 2007eb |
| 100 | 1 | _aMadigan, Janet Holl. | |
| 245 | 1 | 0 |
_aTruth, politics, and universal human rights _h[electronic resource] / _cJanet Holl Madigan. |
| 250 | _a1st ed. | ||
| 260 |
_aNew York : _bPalgrave Macmillan, _c2007. |
||
| 300 | _axv, 240 p. | ||
| 504 | _aIncludes bibliographical references (p. 219-223) and index. | ||
| 533 |
_aElectronic reproduction. _bPalo Alto, Calif. : _cebrary, _d2009. _nAvailable via World Wide Web. _nAccess may be limited to ebrary affiliated libraries. |
||
| 650 | 0 |
_aHuman rights _xReligious aspects _xCatholic Church. |
|
| 650 | 0 |
_aAbortion _xReligious aspects _xCatholic Church. |
|
| 655 | 7 |
_aElectronic books. _2local |
|
| 710 | 2 | _aebrary, Inc. | |
| 856 | 4 | 0 |
_uhttp://site.ebrary.com/lib/rucke/Doc?id=10194143 _zAn electronic book accessible through the World Wide Web; click to view |
| 999 |
_c221300 _d221300 |
||